[Event "Asian Continental Chess Championship"]
[Site "Ho Chi Minh VIE"]
[Date "2012.05.06"]
[EventDate "2012.05.05"]
[Round "2"]
[Result "1/2-1/2"]
[White "Ding Liren"]
[Black "Yu Ruiyuan"]
[WhiteElo "2679"]
[BlackElo "2511"]
[PlyCount "101"]

1. d4 d5 2. c4 c6 3. Nf3 Nf6 4. Nc3 dxc4 5. a4 Bf5 6. Ne5 e6
7. f3 c5 8. e4 Bg6 9. Be3 cxd4 10. Qxd4 Qxd4 11. Bxd4 Nfd7
12. Nxd7 Nxd7 13. Bxc4 a6 14. h4 Rc8 15. Ba2 h6 16. Rd1 Rg8
17. Ne2 Bb4+ 18. Kf2 Ke7 19. Nf4 Bh7 20. Nd3 Bd6 21. Rd2 f6
22. g4 Bg6 23. Ke2 Rgd8 24. Rhd1 Be8 25. Be3 Rc6 26. a5 Rdc8
27. Bb3 Nc5 28. Nxc5 Bxc5 29. Ba4 R6c7 30. Bxc5+ Rxc5 31. Bxe8
Kxe8 32. Rd6 Rc2+ 33. R1d2 Rxd2+ 34. Kxd2 e5 35. Rb6 Rc7
36. Ke3 Kf7 37. h5 Rd7 38. f4 exf4+ 39. Kxf4 Re7 40. Rd6 Re5
41. Rd7+ Re7 42. Rd6 Re5 43. Rd5 Re6 44. Kf5 Re7 45. Rc5 Re8
46. Rc7+ Re7 47. Rxe7+ Kxe7 48. e5 fxe5 49. Kxe5 Kd7 50. Kf5
Ke7 51. Ke4 1/2-1/2

[Event "Asian Continental Chess Championship"]
[Site "Ho Chi Minh VIE"]
[Date "2012.05.07"]
[EventDate "2012.05.05"]
[Round "3"]
[Result "0-1"]
[White "Marani Rajendran Venkatesh"]
[Black "Ding Liren"]
[WhiteElo "2517"]
[BlackElo "2679"]
[PlyCount "92"]

1. e4 c6 2. Nc3 d5 3. Nf3 Bg4 4. h3 Bh5 5. exd5 cxd5 6. Bb5+
Nc6 7. g4 Bg6 8. Ne5 Rc8 9. d4 e6 10. Qe2 Bd6 11. Nxg6 hxg6
12. Nxd5 Kf8 13. Bxc6 Rxc6 14. Ne3 Nf6 15. c3 Bb8 16. Qf3 e5
17. dxe5 Nd7 18. Qd5 Qe8 19. b3 Bxe5 20. Ba3+ Kg8 21. Rd1 Nf6
22. Qf3 Ne4 23. Kf1 Nxf2 24. Kxf2 Rf6 25. Nf5 gxf5 26. g5 Re6
27. Rd5 Rh4 28. Rhd1 Bc7 29. Bd6 Bb6+ 30. Bc5 Bxc5+ 31. Rxc5
g6 32. Rcd5 Qe7 33. Qg3 Ree4 34. Kg1 Rh5 35. Rd8+ Kg7 36. Kf1
Qxg5 37. Qxg5 Rxg5 38. R8d7 Rf4+ 39. Ke2 Rg2+ 40. Ke3 Re4+
41. Kf3 Rh2 42. Kg3 Rhe2 43. R1d3 R4e3+ 44. Rxe3 Rxe3+ 45. Kf4
Rxh3 46. Rxb7 Kf6 0-1

[Event "Asian Continental Chess Championship"]
[Site "Ho Chi Minh VIE"]
[Date "2012.05.08"]
[EventDate "2012.05.05"]
[Round "4"]
[Result "1-0"]
[White "Ding Liren"]
[Black "Sethuraman P Sethuraman"]
[WhiteElo "2679"]
[BlackElo "2546"]
[PlyCount "157"]

1. d4 Nf6 2. c4 g6 3. f3 d5 4. cxd5 Nxd5 5. e4 Nb6 6. Nc3 Bg7
7. Be3 O-O 8. Qd2 Qd6 9. f4 Qb4 10. Nf3 Rd8 11. a3 Qb3 12. Bd3
Nc4 13. Bxc4 Qxc4 14. Rc1 Nc6 15. Nd5 Qa4 16. O-O e6 17. Nc3
Qb3 18. Qf2 Bd7 19. Rb1 Qc4 20. Rbc1 Qb3 21. d5 exd5 22. exd5
Ne7 23. Nd4 Bxd4 24. Bxd4 Nxd5 25. Qh4 Bc6 26. Qh6 f6 27. Ne4
Qd3 28. Bxf6 Rd7 29. Rfe1 Ne3 30. Qh3 Nf5 31. Qxd3 Rxd3
32. Bc3 h5 33. Nc5 Re3 34. Kf2 Rae8 35. Be5 Rxe1 36. Rxe1 Rd8
37. Bc3 Rd5 38. Ne4 Rd3 39. Ng5 Rd8 40. Re6 Rd6 41. g3 Rxe6
42. Nxe6 Nd6 43. Ke3 Nf5+ 44. Ke2 Bb5+ 45. Kf2 Bc4 46. Nc5 Bd5
47. Nd7 Bc6 48. Ne5 Be8 49. h3 Kh7 50. g4 Nd6 51. Kf3 Nf7
52. Nd3 Bc6+ 53. Kg3 hxg4 54. hxg4 b6 55. Bf6 Kg8 56. Be7 Kg7
57. Nb4 Bb7 58. Nc2 Nh6 59. Ne3 Bc8 60. Bd8 c6 61. Kh4 Be6
62. Bc7 Nf7 63. f5 gxf5 64. gxf5 Bd7 65. Kg4 Kf6 66. Kf4 Ke7
67. Bb8 a6 68. Ba7 b5 69. Bc5+ Kf6 70. Bf8 Ne5 71. Bg7+ Kxg7
72. Kxe5 Kf7 73. b4 Ke7 74. f6+ Kf7 75. Nf5 Kg6 76. Kd6 Be8
77. Ke7 Kxf5 78. Kxe8 Kxf6 79. Kd7 1-0

[Event "Asian Continental Chess Championship"]
[Site "Ho Chi Minh VIE"]
[Date "2012.05.09"]
[EventDate "2012.05.05"]
[Round "5"]
[Result "1/2-1/2"]
[White "Liu Qingnan"]
[Black "Ding Liren"]
[WhiteElo "2483"]
[BlackElo "2679"]
[PlyCount "60"]

1. e4 e6 2. Qe2 c5 3. g3 Nc6 4. Nf3 g6 5. Bg2 Bg7 6. O-O Nge7
7. c3 O-O 8. d4 cxd4 9. cxd4 d5 10. Rd1 dxe4 11. Qxe4 Nf5
12. Na3 Nfxd4 13. Nxd4 Bxd4 14. Be3 e5 15. Bxd4 exd4 16. Nb5
Bf5 17. Qf4 Bc2 18. Rd2 d3 19. Bxc6 bxc6 20. Na3 Qb8 21. Qxb8
Rfxb8 22. b3 a5 23. Nxc2 dxc2 24. Rxc2 a4 25. bxa4 Rb6 26. Rc4
Rba6 27. Rac1 Rxa4 28. Rxa4 Rxa4 29. Rxc6 Rxa2 30. h4 Kg7
1/2-1/2

[Event "Asian Continental Chess Championship"]
[Site "Ho Chi Minh VIE"]
[Date "2012.05.10"]
[EventDate "2012.05.05"]
[Round "6"]
[Result "1/2-1/2"]
[White "Ding Liren"]
[Black "John Paul Gomez"]
[WhiteElo "2679"]
[BlackElo "2507"]
[PlyCount "72"]

1. d4 Nf6 2. c4 g6 3. Nc3 d5 4. Nf3 Bg7 5. Qa4+ Bd7 6. Qb3
dxc4 7. Qxc4 O-O 8. Bf4 Na6 9. e4 c5 10. e5 Nh5 11. Be3 cxd4
12. Qxd4 Bc6 13. Be2 Qc7 14. O-O Bxf3 15. Bxf3 Bxe5 16. Qe4
Nc5 17. Qh4 Bxc3 18. bxc3 Ng7 19. Bxc5 Qxc5 20. Bxb7 Rab8
21. Rab1 Nf5 22. Qa4 Nd6 23. Bf3 Nc4 24. Qd7 Ne5 25. Qd4 Nxf3+
26. gxf3 Qxd4 27. cxd4 Rfd8 28. Rxb8 Rxb8 29. Rc1 Rb7 30. d5
Kg7 31. Rc6 Kh6 32. f4 Kg7 33. Kg2 Kf8 34. Rc8+ Kg7 35. Rc6
Kf8 36. Rc8+ Kg7 1/2-1/2

[Event "Asian Continental Chess Championship"]
[Site "Ho Chi Minh VIE"]
[Date "2012.05.11"]
[EventDate "2012.05.05"]
[Round "7"]
[Result "1-0"]
[White "Parimarjan Negi"]
[Black "Ding Liren"]
[WhiteElo "2640"]
[BlackElo "2679"]
[PlyCount "59"]

1. e4 e6 2. d4 d5 3. e5 c5 4. c3 Nc6 5. Nf3 Qb6 6. a3 Bd7
7. b4 cxd4 8. cxd4 Rc8 9. Bb2 Nge7 10. Nc3 Na5 11. Nd2 Nc4
12. Bxc4 dxc4 13. Nde4 Nd5 14. Nxd5 exd5 15. Nc5 Qc6 16. O-O
Bf5 17. Qf3 Bg6 18. e6 fxe6 19. Rfe1 Bxc5 20. dxc5 Rf8 21. Qg4
Rf5 22. Bxg7 b6 23. Bd4 bxc5 24. bxc5 Rb8 25. Re3 Kd7 26. Rae1
Bf7 27. Qg7 h5 28. Re5 Rf4 29. Qh7 c3 30. Be3 1-0

[Event "Asian Continental Chess Championship"]
[Site "Ho Chi Minh VIE"]
[Date "2012.05.12"]
[EventDate "2012.05.05"]
[Round "8"]
[Result "1-0"]
[White "Ding Liren"]
[Black "Mark Paragua"]
[WhiteElo "2679"]
[BlackElo "2521"]
[PlyCount "81"]

1. d4 d5 2. c4 c6 3. Nf3 Nf6 4. Nc3 dxc4 5. a4 Bf5 6. Ne5 e6
7. f3 Bb4 8. Nxc4 O-O 9. Kf2 Bg6 10. e4 Qc7 11. Qb3 c5 12. Na2
Nc6 13. Nxb4 cxb4 14. Be3 Rfd8 15. Rd1 Rd7 16. Ne5 Nxe5
17. dxe5 Rxd1 18. Qxd1 Qxe5 19. Qd4 Qa5 20. Be2 Qxa4 21. Rc1
h6 22. h4 h5 23. Rc7 b6 24. Bg5 Ne8 25. Rc4 f6 26. Be3 Qa5
27. Qd7 Bf7 28. Qb7 Rd8 29. Qe7 Ra8 30. Rxb4 Qe5 31. Rd4 f5
32. exf5 Nf6 33. Rd8+ Rxd8 34. Qxd8+ Kh7 35. fxe6 Bxe6 36. Bd4
Qf4 37. Bxf6 gxf6 38. Qe7+ Kg6 39. Qxe6 Qxh4+ 40. Kf1 Qh1+
41. Kf2 1-0

[Event "Asian Continental Chess Championship"]
[Site "Ho Chi Minh VIE"]
[Date "2012.05.13"]
[EventDate "2012.05.05"]
[Round "9"]
[Result "1/2-1/2"]
[White "Oliver Barbosa"]
[Black "Ding Liren"]
[WhiteElo "2550"]
[BlackElo "2679"]
[PlyCount "60"]

1. Nf3 Nf6 2. c4 g6 3. b3 Bg7 4. Bb2 O-O 5. g3 d6 6. d4 e5
7. dxe5 dxe5 8. Qxd8 Rxd8 9. Nxe5 Na6 10. Nd3 Bf5 11. Nc3 Ng4
12. h3 Ne5 13. O-O-O Nxd3+ 14. exd3 Nb4 15. a3 Bxc3 16. Bxc3
Nxd3+ 17. Bxd3 Rxd3 18. Rxd3 Bxd3 19. Rd1 Bf5 20. h4 Re8
21. Bf6 Kf8 22. Kb2 Re6 23. Rd8+ Re8 24. Kc3 Rxd8 25. Bxd8 c6
26. Kd4 Ke8 27. Bc7 Kd7 28. Bb8 a6 29. a4 Bc2 30. Kc3 Bd1
1/2-1/2

[Event "Chinese League"]
[Site "Taizhou CHN"]
[Date "2012.06.27"]
[EventDate "2012.04.28"]
[Round "5"]
[Result "0-1"]
[White "Wang Hao"]
[Black "Ding Liren"]
[WhiteElo "2733"]
[BlackElo "2660"]
[PlyCount "71"]

1. d4 Nf6 2. c4 g6 3. Nc3 Bg7 4. e4 d6 5. Nf3 O-O 6. Be2 e5
7. O-O Nc6 8. d5 Ne7 9. b4 Nh5 10. g3 f5 11. Ng5 Nf6 12. Bf3
Rb8 13. b5 h6 14. Ne6 Bxe6 15. dxe6 Qc8 16. Ba3 Rd8 17. Nd5
Qxe6 18. exf5 gxf5 19. Nxc7 Qxc4 20. Rc1 Qf7 21. Qa4 Nc8
22. Rfd1 e4 23. Be2 Kh7 24. Bb2 Rd7 25. Bxf6 Bxf6 26. Bc4 Qg7
27. Ne6 Qe7 28. Nf4 Nb6 29. Qxa7 Qd8 30. Ne6 Ra8 31. Nxd8 Rxa7
32. Ne6 Ra8 33. Bb3 Be5 34. a4 Re7 35. Nc7 Ra5 36. Nd5 0-1

[Event "Chinese League"]
[Site "Beijing CHN"]
[Date "2012.06.29"]
[EventDate "2012.04.28"]
[Round "7"]
[Result "0-1"]
[White "Zeng Chongsheng"]
[Black "Ding Liren"]
[WhiteElo "2435"]
[BlackElo "2660"]
[PlyCount "52"]

1. e4 c6 2. d4 d5 3. e5 Bf5 4. h4 h6 5. g4 Bd7 6. Nd2 c5
7. dxc5 Qc7 8. e6 Bxe6 9. Nb3 Nf6 10. Be2 Nc6 11. Nh3 Bd7
12. c3 O-O-O 13. g5 Bxh3 14. Rxh3 hxg5 15. Bxg5 Ne4 16. Be3 e5
17. Qc2 Qd7 18. Rh2 f5 19. f4 Qc7 20. fxe5 Qxe5 21. Rh3 Rxh4
22. Rf3 Rh1+ 23. Bf1 Rh2 24. Bg2 g5 25. O-O-O g4 26. Bf4 Bh6
0-1

[Event "Russia - China"]
[Site "St Petersburg RUS"]
[Date "2012.07.03"]
[EventDate "2012.07.02"]
[Round "2"]
[Result "1/2-1/2"]
[White "Ding Liren"]
[Black "Dmitry Jakovenko"]
[WhiteElo "2680"]
[BlackElo "2736"]
[PlyCount "82"]

1. d4 d5 2. c4 c6 3. Nf3 Nf6 4. Nc3 dxc4 5. a4 e6 6. e3 c5
7. Bxc4 cxd4 8. exd4 Be7 9. O-O Nc6 10. Qe2 O-O 11. Rd1 Nd5
12. Qe4 Nf6 13. Qh4 Nb4 14. Qg3 Kh8 15. Bg5 Nfd5 16. Bxe7 Qxe7
17. Rac1 Nf6 18. Qe5 Nc6 19. Qf4 Nb4 20. Ne4 Nfd5 21. Bxd5
Nxd5 22. Qd6 Qxd6 23. Nxd6 Kg8 24. Rd2 Rd8 25. Rdc2 Rxd6
26. Rxc8+ Rd8 27. Rxa8 Rxa8 28. g3 f6 29. h4 Rd8 30. b3 Kf7
31. Kf1 Kg6 32. Ke2 h5 33. Nd2 Kf5 34. Kf3 Rd7 35. Rc5 b6
36. Rc4 g5 37. Nf1 e5 38. dxe5 g4+ 39. Ke2 Kxe5 40. Ne3 Nxe3
41. Kxe3 Rd1 1/2-1/2

[Event "Russia - China"]
[Site "St Petersburg RUS"]
[Date "2012.07.04"]
[EventDate "2012.07.02"]
[Round "3"]
[Result "1/2-1/2"]
[White "Evgeny Tomashevsky"]
[Black "Ding Liren"]
[WhiteElo "2733"]
[BlackElo "2680"]
[PlyCount "88"]

1. d4 Nf6 2. c4 g6 3. Nc3 Bg7 4. e4 d6 5. f3 O-O 6. Nge2 c5
7. d5 e6 8. Ng3 exd5 9. cxd5 a6 10. a4 h5 11. Bg5 Qe8 12. Bd3
Nh7 13. Bf4 Qe7 14. O-O Nd7 15. Qd2 Ne5 16. Be2 h4 17. Nh1 f5
18. exf5 gxf5 19. Nf2 Qf6 20. a5 Bd7 21. Kh1 Rae8 22. Rae1 Ng6
23. Bh6 Bxh6 24. Qxh6 Qg5 25. Qxg5 Nxg5 26. Bc4 Kg7 27. b3 Kf6
28. h3 Nf7 29. Nd3 Nfe5 30. Nxe5 Nxe5 31. Kg1 Rg8 32. Kf2 Rg7
33. Rg1 Rb8 34. g4 hxg3+ 35. Rxg3 Rxg3 36. Kxg3 b5 37. axb6
Rxb6 38. Ra1 Nxc4 39. bxc4 Rb4 40. Rxa6 Rxc4 41. Ne2 Ke5
42. Ra7 f4+ 43. Kh4 Bf5 44. Kg5 Bxh3 1/2-1/2

[Event "Russia - China"]
[Site "St Petersburg RUS"]
[Date "2012.07.06"]
[EventDate "2012.07.02"]
[Round "5"]
[Result "1/2-1/2"]
[White "Ian Nepomniachtchi"]
[Black "Ding Liren"]
[WhiteElo "2718"]
[BlackElo "2680"]
[PlyCount "103"]

1. e4 e6 2. d4 d5 3. Nc3 Nf6 4. e5 Nfd7 5. f4 c5 6. Nf3 Nc6
7. Be3 a6 8. Qd2 b5 9. Nd1 Be7 10. Bd3 c4 11. Be2 Qa5 12. c3
b4 13. O-O Nb6 14. Bf2 Rb8 15. Bh4 bxc3 16. bxc3 Na4 17. Bxe7
Nxe7 18. Qc1 O-O 19. Qa3 Nc6 20. Qc1 Na7 21. Qe3 Bd7 22. h4
Nb2 23. h5 Ba4 24. Nf2 Bc2 25. h6 g6 26. Ng4 Nb5 27. Rfc1 Bd3
28. Bxd3 Nxd3 29. Nf6+ Kh8 30. Nd7 Nxc1 31. Rxc1 Qc7 32. Nf6
Qe7 33. Ng5 Nc7 34. Ngxh7 Rfd8 35. Qe1 Ne8 36. Nxe8 Kxh7
37. Nf6+ Kh8 38. Rc2 Rb5 39. Kh2 Rdb8 40. Qg3 Rb1 41. f5 exf5
42. Nxd5 Qf8 43. Qg5 Re1 44. Rc1 Re2 45. Rf1 Qd8 46. Ne7 Qf8
47. Nd5 Qd8 48. Nf6 Rbb2 49. Rg1 Rb6 50. Ne4 Qxg5 51. Nxg5 Rb7
52. Rd1 1/2-1/2

[Event "Chess Olympiad"]
[Site "Istanbul TUR"]
[Date "2012.08.29"]
[EventDate "2012.08.28"]
[Round "2.9"]
[Result "1/2-1/2"]
[White "Ding Liren"]
[Black "Sabino Brunello"]
[WhiteElo "2695"]
[BlackElo "2586"]
[PlyCount "83"]

1. d4 d5 2. c4 c6 3. Nf3 Nf6 4. Nc3 dxc4 5. a4 e6 6. e3 c5
7. Bxc4 Nc6 8. O-O Be7 9. Qe2 cxd4 10. exd4 O-O 11. Rd1 Nb4
12. Ne5 Bd7 13. a5 Rc8 14. a6 bxa6 15. Bxa6 Nxa6 16. Rxa6 Rc7
17. Bf4 Bc8 18. Raa1 a6 19. Bg3 Bb7 20. Nd3 Rc6 21. Nc5 Qc8
22. b4 Rb6 23. d5 Rxb4 24. Nxb7 Rxb7 25. Rac1 Ba3 26. Rc2 exd5
27. Nb5 axb5 28. Rxc8 Rxc8 29. Qd3 Bb2 30. h3 Rb6 31. Rb1 Bc3
32. Rxb5 Rxb5 33. Qxb5 h6 34. Bf4 Bd4 35. g4 g5 36. Qb4 Bxf2+
37. Kxf2 gxf4 38. Qxf4 Ne4+ 39. Kf1 Rc6 40. Qb8+ Kg7 41. Qe5+
Nf6 42. g5 1/2-1/2

[Event "Chess Olympiad"]
[Site "Istanbul TUR"]
[Date "2012.09.01"]
[EventDate "2012.08.28"]
[Round "5.9"]
[Result "0-1"]
[White "Pouria Darini"]
[Black "Ding Liren"]
[WhiteElo "2503"]
[BlackElo "2695"]
[PlyCount "60"]

1. e4 c6 2. d4 d5 3. Nc3 dxe4 4. Nxe4 Nd7 5. Ng5 Ngf6 6. Bd3
g6 7. N1f3 Bg7 8. Qe2 O-O 9. h4 h6 10. h5 gxh5 11. Nh3 Re8
12. Bf4 c5 13. Ne5 cxd4 14. O-O-O Nc5 15. Bc4 Be6 16. Kb1 Qb6
17. Ka1 Rac8 18. Rhe1 Bxc4 19. Qxc4 Ne6 20. Qd3 Ng4 21. Bg3
Qc5 22. Nxf7 Kxf7 23. Rxe6 Kxe6 24. Nf4+ Kd7 25. Qg6 Bf6
26. Nxh5 Rg8 27. Qf7 Qc4 28. Qh7 Qxc2 29. Nxf6+ Nxf6 30. Rxd4+
Ke8 0-1

[Event "Chess Olympiad"]
[Site "Istanbul TUR"]
[Date "2012.09.03"]
[EventDate "2012.08.28"]
[Round "6.6"]
[Result "0-1"]
[White "Dalibor Stojanovic"]
[Black "Ding Liren"]
[WhiteElo "2495"]
[BlackElo "2695"]
[PlyCount "114"]

1. e4 c5 2. Nf3 e6 3. d4 cxd4 4. Nxd4 a6 5. Bd3 Nf6 6. O-O d6
7. c4 b6 8. Nc3 Bb7 9. Qe2 g6 10. Bc2 Bg7 11. Rd1 Nbd7 12. Nf3
Qc7 13. Bf4 e5 14. Bg5 h6 15. Bxf6 Nxf6 16. Ba4+ Ke7 17. Nd5+
Nxd5 18. cxd5 b5 19. Bb3 Rhc8 20. Ne1 Qb6 21. a4 bxa4 22. Bxa4
Kf8 23. Nc2 a5 24. Qe3 Rc5 25. Ne1 Ba6 26. Bc6 Rb8 27. Nd3
Bxd3 28. Qxd3 Bf6 29. g3 h5 30. Rdb1 Qb4 31. Ra4 Qb3 32. Qxb3
Rxb3 33. Kg2 Bd8 34. Ra3 Rb4 35. Ra4 Rxa4 36. Bxa4 Rc4 37. Bb5
Rxe4 38. b3 Rb4 39. Bd3 Rd4 40. Bc4 Bb6 41. Rb2 Rd1 42. Re2 f5
43. h4 e4 44. Rb2 Kg7 45. f4 Rg1+ 46. Kh2 Rc1 47. Kg2 Bc5
48. Ra2 Bb4 49. Bb5 Rc3 50. Bc4 Kf6 51. Kh2 Ke7 52. Kg2 Kd8
53. Kh2 Rxc4 54. bxc4 Kc7 55. Kg2 Kb6 56. Kf2 Kc5 57. Rc2 a4
0-1

[Event "Chess Olympiad"]
[Site "Istanbul TUR"]
[Date "2012.09.04"]
[EventDate "2012.08.28"]
[Round "7.2"]
[Result "1/2-1/2"]
[White "Ding Liren"]
[Black "Vladimir Akopian"]
[WhiteElo "2695"]
[BlackElo "2687"]
[PlyCount "61"]

1. d4 Nf6 2. c4 e6 3. Nf3 b6 4. g3 Bb7 5. Bg2 Bb4+ 6. Bd2 c5
7. Bxb4 cxb4 8. O-O O-O 9. Qd3 d6 10. Nbd2 Qc7 11. e4 e5
12. Ne1 exd4 13. Nc2 Nc6 14. Nxd4 Nxd4 15. Qxd4 Rfe8 16. f3
Nd7 17. Rfd1 Ne5 18. Rac1 Rad8 19. Nf1 f5 20. f4 Ng4 21. exf5
Bxg2 22. Kxg2 Nf6 23. Re1 Qc6+ 24. Kg1 Qc8 25. Qd3 Qc5+
26. Kg2 Qc6+ 27. Qf3 Qa4 28. Qb3 Qc6+ 29. Qf3 Qa4 30. Qb3 Qc6+
31. Qf3 1/2-1/2

[Event "Chess Olympiad"]
[Site "Istanbul TUR"]
[Date "2012.09.05"]
[EventDate "2012.08.28"]
[Round "8.2"]
[Result "1-0"]
[White "Ding Liren"]
[Black "Rauf Mamedov"]
[WhiteElo "2695"]
[BlackElo "2634"]
[PlyCount "49"]

1. d4 Nf6 2. c4 g6 3. Nc3 Bg7 4. e4 d6 5. Nf3 O-O 6. Be2 e5
7. O-O exd4 8. Nxd4 Re8 9. f3 Nc6 10. Be3 Nh5 11. Nc2 Be5
12. Nd5 Bxb2 13. g4 Ng7 14. Rb1 Bf6 15. f4 Rxe4 16. g5 Be7
17. Bd3 Re6 18. Bc1 f6 19. h4 fxg5 20. hxg5 Bf8 21. Nce3 Nh5
22. f5 Bg7 23. fxe6 Bxe6 24. Bf5 Bf7 25. Bg4 1-0

[Event "Chess Olympiad"]
[Site "Istanbul TUR"]
[Date "2012.09.06"]
[EventDate "2012.08.28"]
[Round "9.2"]
[Result "1-0"]
[White "Ding Liren"]
[Black "Oliver Barbosa"]
[WhiteElo "2695"]
[BlackElo "2554"]
[PlyCount "51"]

1. d4 d5 2. c4 c6 3. Nf3 Nf6 4. Nc3 dxc4 5. a4 e6 6. e4 Bb4
7. e5 Nd5 8. Bd2 a5 9. Bxc4 Be7 10. h4 h6 11. h5 Na6 12. Ne4
Nab4 13. Rh3 b6 14. Rg3 Bf8 15. Kf1 Qd7 16. Qe2 Bb7 17. Nd6+
Bxd6 18. exd6 Qxd6 19. Ne5 Rg8 20. Bxh6 f6 21. Bxg7 fxe5
22. h6 O-O-O 23. h7 Rxg7 24. Rxg7 exd4 25. Rg8 Qh2 26. h8=Q
1-0

[Event "Chess Olympiad"]
[Site "Istanbul TUR"]
[Date "2012.09.07"]
[EventDate "2012.08.28"]
[Round "10.1"]
[Result "1-0"]
[White "Ding Liren"]
[Black "Alexander Onischuk"]
[WhiteElo "2695"]
[BlackElo "2666"]
[PlyCount "131"]

1. d4 d5 2. c4 e6 3. Nc3 Be7 4. Bf4 Nf6 5. e3 O-O 6. Nf3 b6
7. Be2 Bb7 8. O-O c5 9. dxc5 bxc5 10. Qb3 Qb6 11. Ne5 Nc6
12. Bf3 Qxb3 13. axb3 Nb4 14. Ra5 Rfc8 15. Rfa1 a6 16. Na4 Nc6
17. Nxc6 Rxc6 18. Bg5 Rc7 19. Bxf6 gxf6 20. cxd5 Bxd5 21. Bxd5
exd5 22. Nb6 Rd8 23. Rxa6 Rc6 24. g3 Kg7 25. Kf1 Rdd6 26. Ra7
Rxb6 27. Rxe7 Rxb3 28. Raa7 Kg6 29. Rxf7 h5 30. Rfb7 Rdb6
31. Rxb6 Rxb6 32. Rc7 Rb5 33. b3 Kf5 34. Ke2 d4 35. exd4 cxd4
36. Rc4 Rxb3 37. Rxd4 Ra3 38. Kf1 Kg6 39. Kg2 Rb3 40. Kh3 Rb2
41. Kg2 Rb3 42. Re4 Ra3 43. Re3 Ra4 44. Kf3 Kg5 45. h3 Kg6
46. Re4 Ra3+ 47. Re3 Ra4 48. h4 Kf5 49. Rb3 Kg6 50. Ke3 Rc4
51. Rd3 Ra4 52. Rd4 Ra2 53. f3 Ra5 54. g4 Ra1 55. g5 Rh1
56. Rd6 Rxh4 57. f4 Rh1 58. Rxf6+ Kg7 59. Rh6 Re1+ 60. Kf2 Rh1
61. Kg2 Rh4 62. Kf3 Rh1 63. Ke4 h4 64. Kf5 h3 65. Kg4 h2
66. Kg3 1-0

[Event "Chess Olympiad"]
[Site "Istanbul TUR"]
[Date "2012.09.09"]
[EventDate "2012.08.28"]
[Round "11.1"]
[Result "1/2-1/2"]
[White "Andrei Volokitin"]
[Black "Ding Liren"]
[WhiteElo "2709"]
[BlackElo "2695"]
[PlyCount "128"]

1. e4 e6 2. d4 d5 3. Nc3 Nf6 4. e5 Nfd7 5. f4 c5 6. Nf3 Nc6
7. Be3 a6 8. Ne2 Be7 9. c3 b5 10. dxc5 Nxc5 11. Ned4 Bd7
12. Nxc6 Bxc6 13. Nd4 Bd7 14. Be2 Na4 15. Qd2 Rb8 16. O-O b4
17. c4 Nb6 18. Rac1 Nxc4 19. Bxc4 dxc4 20. Rxc4 O-O 21. Rfc1
Rb7 22. Nc6 Bxc6 23. Qxd8 Rxd8 24. Rxc6 g5 25. Rxa6 gxf4
26. Bxf4 Kg7 27. Kf2 h6 28. Ke2 Bg5 29. g3 Bxf4 30. gxf4 Kg6
31. b3 Rbd7 32. Rd6 Rxd6 33. exd6 Rxd6 34. Ke3 Ra6 35. Rc2 Kf5
36. h3 Ra5 37. Kf3 f6 38. Ke3 h5 39. Kf3 Rd5 40. Ke3 Rd1
41. Rc5+ Kg6 42. Rc4 Rh1 43. h4 Rh2 44. Rxb4 Rxa2 45. Kf3 Rh2
46. Kg3 Rh1 47. Rb6 Kf5 48. Rb5+ Ke4 49. Rb6 Kf5 50. Rb5+ e5
51. fxe5 fxe5 52. Rb4 Rc1 53. Kf3 Rc3+ 54. Kf2 Rd3 55. Ke2 Rh3
56. Kf2 e4 57. Rb5+ Kg4 58. Re5 Kf4 59. Rxh5 Rxb3 60. Rh8 Rb2+
61. Kf1 Ke3 62. h5 Rf2+ 63. Ke1 Rg2 64. Kf1 Rf2+ 1/2-1/2

[Event "SPICE Cup"]
[Site "St Louis, MO USA"]
[Date "2012.10.13"]
[EventDate "2012.10.12"]
[Round "2"]
[Result "1-0"]
[White "Georg Meier"]
[Black "Ding Liren"]
[WhiteElo "2646"]
[BlackElo "2702"]
[PlyCount "127"]

1. Nf3 Nf6 2. c4 g6 3. Nc3 Bg7 4. e4 d6 5. d4 O-O 6. Be2 e5
7. O-O exd4 8. Nxd4 Re8 9. f3 c6 10. Kh1 Nh5 11. g4 Nf6
12. Be3 Qe7 13. Rg1 Na6 14. Rg2 h5 15. gxh5 Nxh5 16. Qd2 Bh3
17. Rg5 Nf6 18. Rag1 Nc5 19. Bd3 Rad8 20. Bc2 d5 21. e5 dxc4
22. Bxg6 fxg6 23. Rxg6 Nh5 24. f4 Ne6 25. Qe2 Nhxf4 26. Bxf4
Nxf4 27. Qxc4+ Nd5 28. Rxg7+ Qxg7 29. Rxg7+ Kxg7 30. Qd3 Nf4
31. Qg3+ Ng6 32. Nce2 Rxe5 33. Qxh3 Rxd4 34. Nxd4 Re1+ 35. Kg2
Nf4+ 36. Kf2 Nxh3+ 37. Kxe1 Kf6 38. Nb3 b6 39. Nd4 c5 40. Nb5
a6 41. Nc3 Ng5 42. Ke2 b5 43. Nd5+ Ke5 44. Nc7 Kd6 45. Nxa6
Kc6 46. b4 cxb4 47. h4 Ne4 48. Kd3 Ng3 49. Kc2 Kb6 50. Nxb4
Ka5 51. Kb3 Nh5 52. Nc2 Nf6 53. Ne1 Kb6 54. Nd3 Kc6 55. Nf4
Kd6 56. Kb4 Ke5 57. Ne2 Kf5 58. Kxb5 Kg4 59. a4 Nd5 60. Kc5
Nc7 61. Nc3 Kxh4 62. Nd5 Na6+ 63. Kb5 Nb8 64. Nb4 1-0

[Event "SPICE Cup"]
[Site "St Louis, MO USA"]
[Date "2012.10.14"]
[EventDate "2012.10.12"]
[Round "3"]
[Result "1/2-1/2"]
[White "Ding Liren"]
[Black "Le Quang Liem"]
[WhiteElo "2702"]
[BlackElo "2703"]
[PlyCount "67"]

1. d4 d5 2. c4 c6 3. Nf3 Nf6 4. Nc3 e6 5. Bg5 h6 6. Bh4 dxc4
7. e4 g5 8. Bg3 b5 9. Ne5 Nbd7 10. Nxd7 Qxd7 11. Be5 Bg7
12. Qf3 Qe7 13. h4 Rg8 14. hxg5 hxg5 15. Qg3 Bf8 16. O-O-O Bb7
17. d5 cxd5 18. exd5 Nxd5 19. Nxb5 Qb4 20. Nd6+ Bxd6 21. Bxd6
Qa4 22. Rh4 Qxa2 23. Ba3 Rc8 24. Qd6 Rc6 25. Qb8+ Bc8 26. Rxd5
Qa1+ 27. Kc2 exd5 28. Rh6 f6 29. Qa8 Rc5 30. Bxc5 Qa4+ 31. Kc1
Qa1+ 32. Kc2 Qa4+ 33. Kc1 Qa1+ 34. Kc2 1/2-1/2

[Event "SPICE Cup"]
[Site "St Louis USA"]
[Date "2012.10.16"]
[EventDate "2012.10.13"]
[Round "4"]
[Result "1/2-1/2"]
[White "Maxime Vachier-Lagrave"]
[Black "Ding Liren"]
[WhiteElo "2705"]
[BlackElo "2702"]
[PlyCount "106"]

1. d4 Nf6 2. c4 g6 3. g3 Bg7 4. Bg2 O-O 5. Nf3 d6 6. O-O Nc6
7. Nc3 Rb8 8. Bf4 a6 9. Rc1 h6 10. Qd3 Ng4 11. Bd2 e5 12. d5
Ne7 13. h3 Nf6 14. c5 Ne8 15. cxd6 cxd6 16. e4 f5 17. Rfd1 Nf6
18. Be3 Nh5 19. Ne2 Bd7 20. Qb3 b5 21. Rc6 Bxc6 22. dxc6+ Kh7
23. exf5 Nxf5 24. g4 Nxe3 25. fxe3 Nf6 26. g5 Ne8 27. gxh6
Bxh6 28. Nxe5 Qh4 29. Ng4 Nf6 30. Nxh6 Kxh6 31. Qe6 Rbe8
32. Qxd6 Ne4 33. Bxe4 Qxe4 34. Qd4 Qxe3+ 35. Qxe3+ Rxe3
36. Nc3 Kg7 37. Rd6 b4 38. Nd5 Rg3+ 39. Kh2 Rd3 40. Rd7+ Kh6
41. Kg2 Rd2+ 42. Kg3 Rd3+ 43. Kg2 Rd2+ 44. Kg3 Rxb2 45. c7 Rc2
46. Nxb4 Rc3+ 47. Kg2 Rf5 48. Nd5 Rxd5 49. Rxd5 Rxc7 50. Ra5
Rc2+ 51. Kg3 Rc3+ 52. Kg2 Rc2+ 53. Kg3 Rc3+ 1/2-1/2

[Event "SPICE Cup"]
[Site "St Louis USA"]
[Date "2012.10.16"]
[EventDate "2012.10.12"]
[Round "5"]
[Result "1-0"]
[White "Ding Liren"]
[Black "Csaba Balogh"]
[WhiteElo "2702"]
[BlackElo "2664"]
[PlyCount "85"]

1. d4 d5 2. c4 c6 3. Nf3 Nf6 4. Nc3 dxc4 5. a4 e6 6. e4 Bb4
7. e5 Nd5 8. Bd2 b5 9. axb5 Bxc3 10. bxc3 cxb5 11. Ng5 Nc6
12. Qh5 Qe7 13. h4 Bb7 14. Rh3 Nd8 15. Rg3 g6 16. Qe2 f5
17. exf6 Nxf6 18. Re3 Bd5 19. Nh3 O-O 20. Nf4 Qb7 21. h5 Ne4
22. g3 Rxf4 23. gxf4 Nf7 24. hxg6 hxg6 25. f3 Ned6 26. Bh3 Nf5
27. Bxf5 gxf5 28. Bc1 a5 29. Ba3 b4 30. Rb1 Qb5 31. Qg2+ Kf8
32. Qg6 Ke7 33. Qxf5 Rh8 34. Rxe6+ Kd8 35. Qxf7 Bxe6 36. Qf6+
Kd7 37. Qxh8 Qf5 38. Rd1 bxa3 39. d5 Bf7 40. Qe5 Qc2 41. d6 a2
42. Qe7+ Kc6 43. Qe4+ 1-0